<?xml version="1.0" encoding="UTF-8"?>
<record
    xmlns:xsi="http://www.w3.org/2001/XMLSchema-instance"
    xsi:schemaLocation="http://www.loc.gov/MARC21/slim http://www.loc.gov/standards/marcxml/schema/MARC21slim.xsd"
    xmlns="http://www.loc.gov/MARC21/slim">

  <leader>02201cam a22002895i 4500</leader>
  <controlfield tag="001">18772125</controlfield>
  <controlfield tag="003">EG-ScBUE</controlfield>
  <controlfield tag="005">20230103105059.0</controlfield>
  <controlfield tag="008">150904s2016    maua   f      000 0 eng d</controlfield>
  <datafield tag="020" ind1=" " ind2=" ">
    <subfield code="a">9781631590689</subfield>
  </datafield>
  <datafield tag="040" ind1=" " ind2=" ">
    <subfield code="a">DLC</subfield>
    <subfield code="b">eng</subfield>
    <subfield code="e">rda</subfield>
    <subfield code="c">DLC</subfield>
    <subfield code="d">EG-ScBUE</subfield>
  </datafield>
  <datafield tag="082" ind1="0" ind2="4">
    <subfield code="a">741.2</subfield>
    <subfield code="2">22</subfield>
    <subfield code="b">LAW</subfield>
  </datafield>
  <datafield tag="100" ind1="1" ind2=" ">
    <subfield code="a">Lawlor, Veronica,</subfield>
    <subfield code="e">author.</subfield>
    <subfield code="9">39837</subfield>
  </datafield>
  <datafield tag="245" ind1="1" ind2="4">
    <subfield code="a">The urban sketching handbook :</subfield>
    <subfield code="b">reportage and documentary drawing : tips and techniques for drawing on location /</subfield>
    <subfield code="c">Veronica Lawlor.</subfield>
  </datafield>
  <datafield tag="264" ind1=" " ind2="1">
    <subfield code="a">Beverly :</subfield>
    <subfield code="b">Quarto Knows,</subfield>
    <subfield code="c">2016.</subfield>
  </datafield>
  <datafield tag="300" ind1=" " ind2=" ">
    <subfield code="a">112 pages :</subfield>
    <subfield code="b">illustrations ;</subfield>
    <subfield code="c">21 cm.</subfield>
  </datafield>
  <datafield tag="336" ind1=" " ind2=" ">
    <subfield code="2">rdacontent</subfield>
    <subfield code="a">text</subfield>
    <subfield code="b">txt</subfield>
  </datafield>
  <datafield tag="337" ind1=" " ind2=" ">
    <subfield code="2">rdamedia</subfield>
    <subfield code="a">unmediated</subfield>
    <subfield code="b">n</subfield>
  </datafield>
  <datafield tag="338" ind1=" " ind2=" ">
    <subfield code="2">rdacarrier</subfield>
    <subfield code="a">volume</subfield>
    <subfield code="b">nc</subfield>
  </datafield>
  <datafield tag="490" ind1="0" ind2=" ">
    <subfield code="a">Urban sketching handbooks</subfield>
  </datafield>
  <datafield tag="520" ind1=" " ind2=" ">
    <subfield code="a">"Develop your own creative approach, no matter what your skill level with The Urban Sketching Handbook: Reportage and Documentary Drawing.The third volume in The Urban Sketching Handbook series, Reportage and Documentary Drawing, is about drawing as a form of journalism or documenting life. This includes drawings events such as parades, music performances, sporting events, speeches, and can include everything from newsworthy political events to simply documenting a day's adventures. It's about being attentive to your surroundings, and telling that story through your sketches.Artist Veronica Lawlor explains how to use art to find and tell the stories around you. From visual journalism to simply sharing your emotional experience of a place, a reportage illustrator has something to say to their audience. Just as there are all types of written stories to be told, mystery, horror, romance - this volume of The Urban Sketching Handbook series reminds artists, sketchers, doodlers, and illustrators that there are all types of visual stories waiting to be told. And the next step is to go out and tell them!Some of the key concepts explored in this volume are:- Observation- Context- History- Ritual- Understanding- Storytelling- Drama- Documentation"--</subfield>
  </datafield>
  <datafield tag="650" ind1=" " ind2="7">
    <subfield code="a">Drawing</subfield>
    <subfield code="x">Technique.</subfield>
    <subfield code="2">BUEsh</subfield>
    <subfield code="9">37954</subfield>
  </datafield>
  <datafield tag="650" ind1=" " ind2="7">
    <subfield code="a">Narrative art.</subfield>
    <subfield code="2">BUEsh</subfield>
    <subfield code="9">39839</subfield>
  </datafield>
  <datafield tag="653" ind1=" " ind2=" ">
    <subfield code="b">COMAME</subfield>
    <subfield code="c">April2016</subfield>
  </datafield>
  <datafield tag="655" ind1=" " ind2=" ">
    <subfield code="v">Reading book</subfield>
  </datafield>
  <datafield tag="942" ind1=" " ind2=" ">
    <subfield code="2">ddc</subfield>
    <subfield code="c">BB</subfield>
  </datafield>
  <datafield tag="999" ind1=" " ind2=" ">
    <subfield code="c">21640</subfield>
    <subfield code="d">21612</subfield>
  </datafield>
  <datafield tag="952" ind1=" " ind2=" ">
    <subfield code="0">0</subfield>
    <subfield code="1">0</subfield>
    <subfield code="2">ddc</subfield>
    <subfield code="4">0</subfield>
    <subfield code="7">0</subfield>
    <subfield code="8">Alahram</subfield>
    <subfield code="a">MAIN</subfield>
    <subfield code="b">MAIN</subfield>
    <subfield code="c">2ND</subfield>
    <subfield code="d">2016-04-18</subfield>
    <subfield code="e">Purchase</subfield>
    <subfield code="g">145.00</subfield>
    <subfield code="l">4</subfield>
    <subfield code="m">32</subfield>
    <subfield code="o">741.2 LAW</subfield>
    <subfield code="p">000032358</subfield>
    <subfield code="r">2025-07-15 00:00:00</subfield>
    <subfield code="s">2023-11-23</subfield>
    <subfield code="v">181.25</subfield>
    <subfield code="w">2016-04-18</subfield>
    <subfield code="y">BB</subfield>
  </datafield>
</record>
